| 000 | 00546nam a2200145 4500 | ||
|---|---|---|---|
| 999 |
_c15397 _d15397 |
||
| 008 | 200527b ||||| |||| 00| 0 eng d | ||
| 022 | _a2094-8042 | ||
| 082 | _aDPer 370.105 M72 June 2010-Mar 2011 v. 59 n. 1-10 | ||
| 100 |
_aGo, Alice S. _942160 |
||
| 245 |
_aEmpowering the mother tongue, as an ally to learning in school/ _cAlice S. Go. |
||
| 260 |
_aPhilippines: _bIn the Grade School, Inc., _cc2010-2011. |
||
| 300 |
_av59 n3, page 104: _billustrations; _c28 cm. |
||
| 650 |
_aLanguage and languages. _942161 _xMother tongue. |
||
| 942 |
_2ddc _cPER |
||